Loading...

Never call it loving /

Bibliographic Details
Main Author: Eden, Dorothy
Language:Undetermined
Published: London : 1966.
LEADER 00399nam a2200121Ia 4500
001 166850
008 170722s9999 xx 000 0 und d
100 |a Eden, Dorothy 
245 |a Never call it loving / 
260 |a London :  |c 1966. 
942 |c GEN 
999 |c 162183  |d 162183 
952 |0 0  |1 0  |4 0  |6 O_3N1217N_K6  |7 0  |8 LC1  |9 226089  |a LIB  |b LIB  |d 2017-08-12  |h LC1  |l 1  |o O-,3N1217,N K6  |p G17592  |r 2018-04-04  |s 2018-03-13  |w 2017-08-12  |y GEN